| 000 | 00904nas a2200289 4500 | ||
|---|---|---|---|
| 001 | BR9702834 | ||
| 003 | BR-BrBNA | ||
| 005 | 20231205100233.0 | ||
| 007 | ta | ||
| 008 | 230509b bl.|||p| |||| 00| 00por d | ||
| 040 |
_aBR-BrBNA _bpor _cBiblioteca Nacional de Agricultura |
||
| 041 | _a(Pt) | ||
| 072 | _aL72 | ||
| 100 | 1 | _aSoares, C.F. | |
| 100 | 1 | _aAraujo, J.L. de | |
| 100 | 1 | _aAraujo, A.M.D. de | |
| 100 | 1 | _aInada, T. | |
| 100 | 1 | _aFerry, F.R.A. | |
| 245 | 1 | _aIncidencia de Paramphistomum Ichitawai Fukui; 1922 Trematoda: Paramphistomatidae), em bovinos no Estado do Para, Brasil | |
| 650 | _aBoi | ||
| 650 | _aParasito de Animal | ||
| 650 | _aMorfologia Animal | ||
| 650 | _aPara | ||
| 773 | 0 |
_tRevista Brasileira de Parasitologia Veterinaria (Brazil) _xISSN 0103-846X _g(Feb 1993), v. 2(1) p. 67-69 _wBR9702834 |
|
| 909 |
_a202311 _bLúcia _c55 _dLúcia Elande |
||
| 942 |
_2AGRIS _n0 _cANA |
||
| 999 |
_c154887 _d154887 |
||